| 000 | 00814naa a2200217 i 4500 | ||
|---|---|---|---|
| 001 | 13094 | ||
| 003 | ES-MaBCM | ||
| 005 | 20241016091727.0 | ||
| 008 | 910212s1990 fra 000 0 fre d | ||
| 021 | _axx | ||
| 035 | _a(OCoLC)1365232214 | ||
| 040 | _cES-MaBCM | ||
| 041 | 0 | _afre | |
| 043 | _afra | ||
| 245 | 0 | 3 | _aLe régime juridique des biens destines a l'usage commun des époux |
| 520 | _aEstudio de derecho comparado con informes nacionales en un intento de armonizar o aproximar las legislaciones nacionales. El Consejo de Europa adoptó una recomendación [R(81)15] el 16 de octubre de 1981 | ||
| 650 | 2 | 7 |
_aBien ganancial _957753 |
| 651 | 2 | 4 |
_aEuropa _9115402 |
| 773 | 0 |
_aEn: _tRevue internationale de droit comparé _dParis : 1990 _w104680 _gnº 4, octubre-diciembre ; p. 1107-1325 |
|
| 942 | _cAREV | ||
| 999 |
_c13094 _d13094 |
||